| 000 | 00921pam a2200313 a 4500 | ||
|---|---|---|---|
| 999 |
_c235 _d235 |
||
| 001 | 019359406 | ||
| 003 | UkOxU | ||
| 005 | 20190802095836.0 | ||
| 008 | 110524s2012 enka j b 001 0 eng d | ||
| 015 |
_aGBB1D6968 _2bnb |
||
| 020 | _a9781406235029 (hbk.) : | ||
| 020 | _a1406235024 (hbk.) : | ||
| 035 | _a(Uk)015978779 | ||
| 040 |
_aStDuBDS _beng _cStDuBDS _dUk _dUkOxU |
||
| 042 | _aukblcatcopy | ||
| 082 | 0 | 4 |
_a323 FRI _222 |
| 100 | 1 |
_aFriedman, Mark, _d1963- _eauthor |
|
| 245 | 1 | 0 |
_aHuman rights / _cMark Friedman. |
| 260 |
_aLondon : _bRaintree, _c2012. |
||
| 300 |
_a64 pages : _billustrations ; _c24 cm. |
||
| 490 | 1 | _aHot topics | |
| 500 |
_aFormerly CIP. _5Uk |
||
| 504 | _aIncludes bibliographical references and index. | ||
| 521 | 2 | _aKey Stage 3. | |
| 650 | 0 |
_aHuman rights _vJuvenile literature. |
|
| 830 | 0 | _aHot topics (London, England) | |
| 942 |
_2ddc _cNFIC |
||